000 00523cam a2200193ua 4500
001 6923
005 20260515114129.0
008 140305n ii |||gr||||Z||||||asm
040 _cMAIN
082 _a338.7
245 1 _aByabasaya sangathan aru parisalana
_cBy Anil kumar sharma
250 _a1st ed.
260 _aGuwahati:
_bUniversity publication department,
_c1987.
300 _ax,237p.
653 _aCommerce
653 _aByabasaya sangathan aru parisalana
700 1 _aSharma,Anil kumar,
_eAuthor.,
942 _cBK
999 _c6064
_d6064